Vykazovanie výdavkov na obstaranie cudzieho kapitálu podľa novely IAS 23

Koncom marca 2007 vydala Rada pre medzinárodné účtovné štandardy novelu štandardu IAS 23, ktorá sa zaoberá otázkou vykazovania (aj účtovania) tých výdavkov, ktoré podnik vynaložil na obstaranie cudzieho kapitálu (borrowing costs), na obstaranie, výstavbu alebo produkciu spôsobilého aktíva (qualified...

Celý popis

Uložené v:
Podrobná bibliografia
Hlavný autor: Tumpach, Miloš, 1970-
Médium: Kapitola
Jazyk:Slovak
Predmet:
Tagy: Pridať tag
Žiadne tagy, Buďte prvý, kto otaguje tento záznam!

MARC

LEADER 00000naa$a2200000$$$4500
001 0057561
005 20240502071641.2
041 0 |a slo 
044 |a SK 
245 1 0 |a Vykazovanie výdavkov na obstaranie cudzieho kapitálu podľa novely IAS 23  |c Miloš Tumpach 
520 |a Koncom marca 2007 vydala Rada pre medzinárodné účtovné štandardy novelu štandardu IAS 23, ktorá sa zaoberá otázkou vykazovania (aj účtovania) tých výdavkov, ktoré podnik vynaložil na obstaranie cudzieho kapitálu (borrowing costs), na obstaranie, výstavbu alebo produkciu spôsobilého aktíva (qualified asset). Príklady. Článok je výstupom projektu VEGA 1/4587/0. 
610 2 0 |a výkazy účtovné 
610 2 0 |a účtovanie 
610 2 0 |a výdavky 
610 2 0 |a kapitál cudzí 
610 2 0 |a aktíva 
610 2 0 |a štandardy účtovné medzinárodné 
610 2 0 |a novelizácia 
610 2 0 |a IAS 23 
100 1 |a Tumpach, Miloš, 1970-